[Event "Match"]
[Site "www.echecsemail.com"]
[Date "2015.09.15"]
[Round "1"]
[White "Silent1"]
[Black "Raulazo"]
[WhiteElo "1860"]
[BlackElo "1980"]
[Result "1/2-1/2"]
[Round "1"]
1.d4 Ng8f6
2.c4 d5
3.Nb1c3 Nb8c6
4.e3 g6
5.Ng1f3 Bc8g4
6.Bf1e2 Bg4f5
7.c5 Nc6b4
8.Qd1a4 Nb4c6
9.Nf3e5 Bf5d7
10.Ne5xd7 Qd8xd7
11.Be2b5 Bf8g7
12.O-O a6
13.Bb5xc6 bxc6
14.b4 O-O
15.h3 Rf8b8
16.a3 Nf6e4
17.Nc3xe4 dxe4
18.Ra1b1 e5
19.dxe5 Bg7xe5
20.Bc1b2 Be5xb2
21.Rb1xb2 a5
22.Qa4c2 Rb8e8
23.Rf1d1 Qd7e6
24.Qc2b3 Qe6e5
25.Rd1d4 Qe5f5
26.Rb2d2 Ra8b8
27.Rd4d7 Re8c8
28.Rd7e7 Kf8
29.Re7d7 axb4
30.axb4 Ke8
31.Rd7d4 Rb8a8
32.Qb3d1 Kf8
33.Rd4d8 Kg7
34.Rd8xc8 Ra8xc8
35.Qd1a1 Kg8
36.Qa1d4 Rc8e8
37.Qd4d7 Qf5xd7
38.Rd2xd7 Re8c8
39.Kf1 f5
40.Ke2 Rc8b8
41.Rd7xc7 Rb8xb4
42.Rc7xc6 Rb4b2
43.Ke1 Rb2c2
44.Rc6c7 Rc2c1
45.Ke2 Rc1c2
46.Ke1 Rc2c1
47.Ke2 Rc1c2
{ draw }
1/2-1/2

[Event "Match"]
[Site "www.echecsemail.com"]
[Date "2015.09.15"]
[Round "1"]
[White "Canario"]
[Black "Orae"]
[WhiteElo "1750"]
[BlackElo "1940"]
[Result "1-0"]
[Round "1"]
1.e4 e5
2.Ng1f3 Nb8c6
3.Nb1c3 Ng8f6
4.Bf1b5 Bf8c5
5.Bb5xc6 bxc6
6.Nf3xe5 Bc5d4
7.Ne5f3 Bd4xf2
8.Kxf2 Nf6g4
9.Ke1 Qd8e7
10.d3 O-O
11.Bc1f4 d5
12.Qd1e2 a5
13.O-O Qe7b4
14.Ra1b1 Qb4c5
15.Kh1 Bc8e6
16.exd5 cxd5
17.Nf3g5 Ra8e8
18.Ng5xe6 Qc5e7
19.Qe2xg4 fxe6
20.Rb1e1 Qe7f7
21.g3 c5
22.Bf4d6 Qf7g6
23.Qg4xg6 hxg6
24.Rf1xf8 Re8xf8
25.Bd6xf8 Kxf8
26.Re1xe6 Kf7
27.Re6a6 d4
28.Nc3e4 a4
29.Ne4xc5 a3
30.b4 g5
31.Kg2 g4
32.b5 { resign }
1-0

[Event "Match"]
[Site "www.echecsemail.com"]
[Date "2015.09.15"]
[Round "1"]
[White "Raulazo"]
[Black "Pellix84"]
[WhiteElo "1980"]
[BlackElo "1960"]
[Result "0-1"]
[Round "1"]
1.e4 c5
2.Bf1c4 e6
3.Ng1f3 Nb8c6
4.d3 Bf8d6
5.Nf3g5 Ng8f6
6.c3 h6
7.Ng5f3 Bd6c7
8.O-O a6
9.Bc1e3 b6
10.d4 Nf6xe4
11.Qd1d3 d5
12.Bc4b5 axb5
13.Qd3xb5 Bc8d7
14.Qb5d3 O-O
15.Nf3d2 cxd4
16.cxd4 Nc6b4
17.Qd3b3 Bc7xh2
18.Kxh2 Qd8c7
19.Kh1 Nb4c2
20.Rf1c1 Bd7a4
21.Qb3d3 Nc2xe3
22.Nd2xe4 Qc7xc1
23.Kh2 Ne3g4
24.Kh3 Ba4c2
25.Qd3g3 dxe4
26.Qg3xg4 Bc2xb1
27.a4 e3
28.Kg3 Rf8d8
29.fxe3 Qc1xe3
30.Kh2 Rd8xd4
31.Qg4h5 Ra8a5
32.Qh5f3 Qe3e5
33.Kh3 g5
34.Ra1xb1 Rd4h4
{ resign }
0-1

[Event "Match"]
[Site "www.echecsemail.com"]
[Date "2015.09.15"]
[Round "1"]
[White "Jacks"]
[Black "Manolinex"]
[WhiteElo "2830"]
[BlackElo "2800"]
[Result "1/2-1/2"]
[Round "1"]
1.e4 e5
2.Ng1f3 Nb8c6
3.Bf1b5 Ng8f6
4.d3 d6
5.O-O Bf8e7
6.Rf1e1 O-O
7.c3 a6
8.Bb5a4 b5
9.Ba4c2 d5
10.Nb1d2 d4
11.h3 h6
12.cxd4 exd4
13.e5 Nf6d7
14.e6 fxe6
15.Re1xe6 Be7d6
16.Bc2b3 Kh8
17.Bb3d5 Nd7b8
18.Re6e1 Bc8b7
19.a4 Bd6b4
20.Bd5e4 Nb8d7
21.Be4xc6 Bb7xc6
22.Nf3xd4 Bc6xg2
23.Kxg2 Nd7c5
24.Nd2f3 Bb4xe1
25.Qd1xe1 Qd8f6
26.Qe1e5 Qf6g6
27.Qe5g3 { draw }
1/2-1/2

[Event "1/128 Finale"]
[Site "www.chess-mail.com"]
[Date "2015.09.15"]
[Round "1"]
[White "Chtoubidou"]
[Black "Ffdd65"]
[WhiteElo "1930"]
[BlackElo "2210"]
[Result "0-1"]
[Round "1"]
1.e4 e5
2.Bf1c4 Ng8f6
3.d3 h6
4.Nb1c3 c6
5.f4 d6
6.Ng1f3 Qd8e7
7.O-O b5
8.Bc4b3 a5
9.a3 a4
10.Bb3a2 Bc8e6
11.Ba2xe6 Qe7xe6
12.fxe5 dxe5
13.Bc1e3 Bf8e7
14.Qd1e1 Nf6h5
15.d4 Nb8d7
16.Ra1d1 f6
17.d5 Qe6d6
18.Qe1h4 g6
19.dxc6 Qd6xc6
20.Qh4f2 Be7c5
21.g3 Bc5xe3
22.Qf2xe3 Qc6c5
23.Qe3xc5 Nd7xc5
24.Rd1d5 Ra8c8
25.Rf1e1 O-O
26.Nc3xb5 Nc5e6
27.Re1e2 Rc8c5
28.Re2d2 Rf8b8
29.Rd5xc5 Ne6xc5
30.c4 Nc5xe4
31.Rd2d7 Rb8c8
32.Nb5c7 Ne4c5
33.Rd7e7 Nc5d3
34.Nf3d2 Nd3xb2
{ resign }
0-1

[Event "1/64 Finale"]
[Site "www.chess-mail.com"]
[Date "2015.09.15"]
[Round "1"]
[White "Chtoubidou"]
[Black "Ulysse21"]
[WhiteElo "1970"]
[BlackElo "2290"]
[Result "0-1"]
[Round "1"]
1.e4 c5
2.Nb1c3 Nb8c6
3.g3 g6
4.Bf1g2 Bf8g7
5.d3 d6
6.Ng1e2 e5
7.O-O Ng8e7
8.f4 O-O
9.a4 Ra8b8
10.Bc1e3 a6
11.Qd1d2 b5
12.b3 b4
13.Nc3d1 exf4
{ resign }
0-1

[Event "1/128 Finale"]
[Site "www.chess-mail.com"]
[Date "2015.09.15"]
[Round "1"]
[White "Libiesse"]
[Black "Maredocla"]
[WhiteElo "2110"]
[BlackElo "2000"]
[Result "0-1"]
[Round "1"]
1.d4 d6
2.c4 b6
3.f3 g6
4.Nb1c3 Bf8g7
5.e4 c5
6.d5 Bg7xc3
7.bxc3 Ng8f6
8.Bc1h6 e5
9.Bf1d3 Nf6xe4
10.Bd3xe4 Qd8h4
11.Ke2 Qh4xh6
{ resign }
0-1

[Event "Fast Game"]
[Site "www.echecsemail.com"]
[Date "2015.09.15"]
[Round "1"]
[White "Tbsundar"]
[Black "Jhw"]
[WhiteElo "1829"]
[BlackElo "1820"]
[Result "1-0"]
[Round "1"]
1.d4 c5
2.e3 d5
3.Ng1f3 f6
4.b3 Nb8c6
5.Nb1d2 Bc8f5
6.Bc1b2 Nc6b4
7.Bf1b5 Kf7
8.e4 dxe4
9.Bb5c4 e6
10.Nf3h4 Bf5g6
11.a3 Nb4c6
12.Qd1g4 Qd8d7
13.d5 Nc6d8
14.Nh4xg6 hxg6
15.Nd2xe4 Ng8h6
16.Qg4h3 Qd7e7
17.O-O f5
18.d6 Qe7d7
19.Ne4g5 Kg8
20.Ra1e1 Qd7xd6
21.Re1d1 Qd6e7
22.Rd1xd8 Nh6f7
23.Rd8xa8 Rh8xh3
24.Ng5xe6 Nf7d8
25.Ra8xd8 Qe7h4
26.Rd8xf8 Kh7
27.Bb2xg7 { resign }
1-0

[Event "Fast Game"]
[Site "www.echecsemail.com"]
[Date "2015.09.15"]
[Round "1"]
[White "Sonny1000"]
[Black "Bojan"]
[WhiteElo "1599"]
[BlackElo "1690"]
[Result "0-1"]
[Round "1"]
1.e4 e5
2.Nb1c3 Bf8c5
3.Nc3a4 Bc5d6
4.Na4c3 c6
5.Ng1f3 h6
6.d4 exd4
7.Qd1xd4 Bd6f8
8.Qd4e5 Qd8e7
9.Qe5d4 d6
10.b4 Nb8d7
11.Bf1c4 Nd7b6
12.Bc4b3 Bc8g4
13.Bc1f4 Qe7d7
14.Nf3h4 Ng8f6
15.Nh4f5 Bg4xf5
16.Ra1d1 Bf5e6
17.e5 Nf6d5
18.Bb3xd5 Nb6xd5
19.Nc3xd5 Be6xd5
20.Rh1g1 dxe5
21.Bf4xe5 Qd7e6
22.c4 Bd5xc4
23.f4 f6
24.h3 b6
25.f5 Bf8xb4
26.Kf2 Qe6xf5
27.Ke3 Bb4c5
28.g4 Bc5xd4
29.Kxd4 Qf5xe5
30.Kxc4 Kf7
31.Rd1d7 Kg6
32.Rd7c7 Qe5xc7
{ resign }
0-1

[Event "Tourn. n8292"]
[Site "www.chess-mail.com"]
[Date "2015.09.16"]
[Round "1"]
[White "Wegaman"]
[Black "Julian"]
[WhiteElo "1890"]
[BlackElo "1920"]
[Result "1/2-1/2"]
[Round "1"]
1.d4 d5
2.c4 e6
3.Nb1c3 Ng8f6
4.Bc1g5 Bf8e7
5.e3 O-O
6.Ng1f3 c6
7.Bf1e2 Nb8d7
8.O-O Rf8e8
9.Rf1e1 Nf6e4
10.Bg5xe7 Qd8xe7
11.Nc3xe4 dxe4
12.Nf3d2 Nd7f6
13.Qd1c2 e5
14.Nd2xe4 Nf6xe4
15.Qc2xe4 f5
16.Qe4c2 e4
17.Ra1d1 Bc8e6
18.Be2h5 Re8d8
19.b3 Ra8c8
20.Qc2b1 g6
21.Bh5e2 Qe7b4
22.Qb1b2 Be6f7
23.a3 Qb4e7
24.f3 Rc8c7
25.fxe4 Qe7xe4
26.Be2f3 Qe4e8
27.e4 Rc7e7
28.e5 Bf7e6
29.Qb2c3 Be6c8
30.b4 b6
31.Qc3b3 Bc8b7
32.c5 Kg7
33.cxb6 axb6
34.Qb3b2 Qe8f7
35.d5 cxd5
36.e6 Qf7f6
37.Qb2xf6 Kxf6
38.g4 Re7xe6
39.Re1xe6 Kxe6
40.Rd1e1 Kf6
41.gxf5 { draw }
1/2-1/2

[Event "Tourn. n8305"]
[Site "www.chess-mail.com"]
[Date "2015.09.16"]
[Round "1"]
[White "Osopanda"]
[Black "Chiccogianca"]
[WhiteElo "2020"]
[BlackElo "2010"]
[Result "0-1"]
[Round "1"]
1.c4 b6
2.e4 Bc8b7
3.d3 g6
4.Nb1c3 Bf8g7
5.Ng1e2 e5
6.g3 c5
7.Bc1e3 Ng8e7
8.Bf1g2 O-O
9.O-O Nb8c6
10.Nc3d5 Ne7xd5
11.cxd5 Nc6d4
12.f4 d6
13.f5 f6
14.fxg6 hxg6
15.Ne2xd4 cxd4
16.Be3d2 Bb7a6
17.Qd1f3 Ra8c8
18.Ra1c1 Rc8xc1
19.Rf1xc1 Qd8d7
20.h4 Rf8c8
21.Rc1xc8 Qd7xc8
22.Kh2 Qc8c2
23.Bd2b4 Qc2c7
24.Bg2h3 Ba6c8
25.Bh3xc8 Qc7xc8
26.g4 Qc8d7
27.Kg3 a5
28.Bb4a3 b5
29.b4 a4
30.Qf3d1 Qd7c7
31.Ba3c1 Qc7c3
32.Bc1d2 Qc3xd3
33.Kg2 Qd3xe4
34.Kh3 Qe4xd5
{ resign }
0-1

[Event "Tourn. n8384"]
[Site "www.chess-mail.com"]
[Date "2015.09.16"]
[Round "1"]
[White "Xkafi"]
[Black "Scasan55"]
[WhiteElo "2040"]
[BlackElo "2040"]
[Result "1-0"]
[Round "1"]
1.e4 c5
2.Bf1b5 a6
3.Bb5c4 e6
4.Nb1c3 Nb8c6
5.Ng1f3 b5
6.Bc4e2 d6
7.d4 cxd4
8.Nf3xd4 Bc8b7
9.Be2h5 Ng8f6
10.Nd4xe6 Qd8e7
11.Ne6xf8 Nf6xh5
12.Qd1xh5 Qe7xf8
13.Nc3d5 Ra8c8
14.Bc1g5 Nc6d8
15.O-O Nd8e6
16.Bg5e7 Qf8g8
17.Be7xd6 Rc8d8
18.Bd6b4 h6
19.Ra1d1 Qg8h7
20.f3 Qh7g6
21.Qh5e5 Qg6g5
22.Nd5c7 { resign }
1-0

[Event "Tourn. n8387"]
[Site "www.chess-mail.com"]
[Date "2015.09.16"]
[Round "1"]
[White "Tomcapp"]
[Black "Caspito"]
[WhiteElo "1680"]
[BlackElo "1740"]
[Result "0-1"]
[Round "1"]
1.e4 e5
2.Ng1f3 Nb8c6
3.Bf1b5 a6
4.Bb5xc6 bxc6
5.c4 Bc8b7
6.c5 Bf8xc5
7.Nb1c3 Ng8f6
8.a3 O-O
9.d3 Bc5xf2
10.Kxf2 Nf6g4
11.Kg1 Qd8f6
12.b4 d5
13.exd5 cxd5
14.Bc1g5 Qf6b6
15.Kf1 Qb6f2

0-1

[Event "Tourn. n8397"]
[Site "www.chess-mail.com"]
[Date "2015.09.16"]
[Round "1"]
[White "Culiflori"]
[Black "Bojan"]
[WhiteElo "2050"]
[BlackElo "1940"]
[Result "1-0"]
[Round "1"]
1.e4 b6
2.d4 Bc8b7
3.Nb1c3 e6
4.Ng1f3 h6
5.Bf1e2 Bf8b4
6.e5 d6
7.O-O dxe5
8.Nf3xe5 Qd8f6
9.Be2f3 Bb7xf3
10.Ne5xf3 Ng8e7
11.Bc1d2 Bb4d6
12.Rf1e1 c6
13.Nc3e4 Bd6xh2
14.Nf3xh2 Qf6xd4
15.Bd2c3 Qd4xd1
16.Ra1xd1 O-O
17.Nh2f3 Ne7d5
18.Nf3e5 Rf8d8
19.Bc3d2 f6
20.Ne5f3 Kf7
21.c4 Nd5e7
22.Bd2c3 Nb8a6
23.Ne4d6 Kf8
24.Re1xe6 Na6c5
25.Re6e1 Nc5a4
26.Re1e3 Ne7f5
27.Re3d3 Na4xc3
28.bxc3 Nf5e7
29.c5 b5
30.Nf3d4 a5
31.Nd4e6 Kg8
32.Ne6xd8 Ra8xd8
33.Nd6b7 { resign }
1-0

[Event "Tourn. n8368"]
[Site "www.chess-mail.com"]
[Date "2015.09.16"]
[Round "1"]
[White "Darko10"]
[Black "Terrible"]
[WhiteElo "2450"]
[BlackElo "2320"]
[Result "1-0"]
[Round "1"]
1.e4 e5
2.Ng1f3 Nb8c6
3.Nb1c3 Ng8f6
4.d4 exd4
5.Nc3d5 Bf8e7
6.Bf1c4 d6
7.Nf3xd4 Nf6xd5
8.Nd4xc6 bxc6
9.exd5 cxd5
10.Qd1xd5 Bc8e6
11.Bc4b5 Kf8
12.Qd5d3 Be7f6
13.O-O g6
14.Bc1h6 Bf6g7
15.Qd3c3 Rh8g8
16.Bh6xg7 Rg8xg7
17.Rf1e1 Ra8b8
18.Bb5c6 Qd8g5
19.b4 Be6d5
20.Bc6xd5 Qg5xd5
21.Qc3xc7 { resign }
1-0

[Event "Match"]
[Site "www.echecsemail.com"]
[Date "2015.09.16"]
[Round "1"]
[White "Bojan"]
[Black "Mitja"]
[WhiteElo "1940"]
[BlackElo "1920"]
[Result "0-1"]
[Round "1"]
1.e4 d5
2.exd5 Qd8xd5
3.Nb1c3 Qd5d8
4.Bf1c4 e6
5.Ng1f3 c6
6.d3 h6
7.a3 Ng8f6
8.Bc1e3 Bf8e7
9.Qd1e2 Nb8d7
10.O-O Nd7b6
11.Bc4b3 O-O
12.Ra1d1 Nb6d5
13.Be3d2 Nd5xc3
14.Bd2xc3 Nf6d5
15.Bc3d2 Be7f6
16.c4 Nd5b6
17.h3 Bf6xb2
18.Bd2xh6 Bb2xa3
19.Bh6e3 Ba3b4
20.Nf3g5 Nb6d7
21.Ng5e4 Nd7f6
22.Be3g5 Bb4e7
23.Qe2f3 Nf6xe4
24.dxe4 Qd8c7
25.Bg5f4 Qc7b6
26.Rd1b1 Qb6c5
27.Qf3g3 Bc8d7
28.Rf1e1 Ra8d8
29.Bf4h6 Qc5d4
30.e5 g6
31.Rb1d1 Qd4h4
32.Qg3xh4 Be7xh4
33.Bh6xf8 Kxf8
34.Rd1d4 Bh4e7
35.g4 Ke8
36.Kg2 c5
37.Rd4d3 Bd7c6
38.Rd3f3 Bc6xf3
39.Kxf3 Be7g5
40.Ke4 Rd8d4
41.Kf3 Rd4d3
42.Ke2 Rd3xb3
43.Re1a1 a6
44.Ra1a5 Kd7
45.Ra5xc5 b6
{ resign }
0-1

[Event "Match"]
[Site "www.echecsemail.com"]
[Date "2015.09.16"]
[Round "1"]
[White "Calponas"]
[Black "Pinehill"]
[WhiteElo "2020"]
[BlackElo "1980"]
[Result "1-0"]
[Round "1"]
1.e4 d5
2.exd5 Ng8f6
3.d4 Qd8xd5
4.Nb1c3 Qd5d6
5.g3 Bc8f5
6.Bf1g2 c6
7.Bc1f4 Qd6e6
8.Ng1e2 Nb8d7
9.O-O O-O-O
10.Qd1e1 Bf5xc2
11.Qe1c1 Bc2d3
12.Rf1e1 Qe6g4
13.h3 Qg4g6
14.b4 a6
15.a4 e6
16.b5 axb5
17.axb5 Bd3e4
18.Ra1a8 Nd7b8
19.Ra8xb8 Kd7
20.Rb8xd8 Kxd8
21.Nc3xe4 Nf6xe4
22.bxc6 bxc6
23.Qc1xc6 f5
24.Qc6c7 Ke8
25.Re1b1 { resign }
1-0

[Event "Match"]
[Site "www.echecsemail.com"]
[Date "2015.09.16"]
[Round "1"]
[White "Gambitmiau"]
[Black "Silent1"]
[WhiteElo "1870"]
[BlackElo "1870"]
[Result "0-1"]
[Round "1"]
1.e4 e5
2.d4 exd4
3.c3 dxc3
4.Nb1xc3 Bf8b4
5.Bc1d2 Ng8f6
6.e5 Bb4xc3
7.Bd2xc3 Nf6e4
8.Bf1c4 Ne4xc3
9.Qd1f3 O-O
10.Qf3xc3 Nb8c6
11.Ng1f3 d6
12.Ra1d1 Bc8e6
13.exd6 Be6xc4
14.Qc3xc4 Rf8e8
15.Kd2 Qd8xd6
16.Kc1 Qd6h6
17.Kb1 Qh6g6
18.Ka1 h6
19.a3 Ra8d8
20.Rd1xd8 Re8xd8
21.g3 Qg6d3
22.Qc4g4 Nc6a5
23.Rh1c1 Na5b3
24.Ka2 Nb3xc1
{ resign }
0-1

[Event "Match"]
[Site "www.echecsemail.com"]
[Date "2015.09.16"]
[Round "1"]
[White "Orae"]
[Black "Susov"]
[WhiteElo "1940"]
[BlackElo "1850"]
[Result "0-1"]
[Round "1"]
1.e4 e5
2.Ng1f3 Nb8c6
3.Bf1c4 h6
4.d4 exd4
5.Nf3xd4 Bf8c5
6.Qd1f3 Nc6e5
7.Bc4xf7 Ne5xf7
8.Nd4f5 Qd8f6
9.Bc1e3 Bc5xe3
10.c3 Be3b6
11.O-O d6
12.Nb1d2 Bc8xf5
13.Ra1e1 Bf5d7
14.Qf3e2 Nf7e5
15.Qe2h5 g6
16.Qh5e2 h5
17.b4 Bd7g4
18.Qe2b5 c6
19.Qb5a4 Ne5d3
20.e5 Bb6xf2
21.Kh1 Nd3xe1
22.Nd2e4 Qf6xe5
23.Ne4xf2 Bg4f3
24.gxf3 Ne1xf3
25.Kg2 Ng8h6
26.Qa4d1 Rh8f8
27.Rf1h1 Nf3h4
28.Kg1 Nh6g4
29.Nf2xg4 Nh4f3
30.Kg2 hxg4
31.Qd1b1 Nf3h4
32.Kg1 Qe5e3
{ resign }
0-1

[Event "Match"]
[Site "www.echecsemail.com"]
[Date "2015.09.16"]
[Round "1"]
[White "Susov"]
[Black "Azorau"]
[WhiteElo "1850"]
[BlackElo "1910"]
[Result "1-0"]
[Round "1"]
1.e4 e5
2.Ng1f3 Nb8c6
3.Nb1c3 Ng8f6
4.Bf1c4 h6
5.d4 Bf8b4
6.dxe5 Nf6xe4
7.Qd1d5 Bb4xc3
8.bxc3 O-O
9.Qd5xe4 Rf8e8
10.Bc4d3 d5
11.Qe4h7 Kf8
12.Qh7h8 Ke7
13.Bc1a3 Ke6
14.Qh8xg7 Re8g8
15.Qg7xh6 f6
16.O-O Rg8h8
17.Qh6xf6 Qd8xf6
18.exf6 Kxf6
19.c4 Rh8e8
20.cxd5 Nc6d8
21.Ba3b2 Kf7
22.Nf3g5 Kf8
23.Ra1e1 Bc8d7
24.Re1xe8 Bd7xe8
25.Rf1e1 c5
26.Ng5e6 Kf7
27.Ne6c7 Ra8c8
28.Nc7xe8 c4
29.Ne8d6 { resign }
1-0

[Event "1/64 Finale"]
[Site "www.chess-mail.com"]
[Date "2015.09.16"]
[Round "1"]
[White "Ciappo"]
[Black "Vogue"]
[WhiteElo "2510"]
[BlackElo "2210"]
[Result "1/2-1/2"]
[Round "1"]
1.Ng1f3 Ng8f6
2.g3 b5
3.Bf1g2 Bc8b7
4.d3 e6
5.O-O c5
6.Nb1d2 Bf8e7
7.e4 d5
8.e5 Nf6d7
9.Rf1e1 Nb8c6
10.Qd1e2 O-O
11.Nd2f1 h6
12.h4 Nc6b4
13.c3 Nb4c6
14.Bc1f4 Rf8e8
{ draw }
1/2-1/2

[Event "1/64 Finale"]
[Site "www.chess-mail.com"]
[Date "2015.09.16"]
[Round "1"]
[White "Ssharp"]
[Black "Mitja"]
[WhiteElo "2240"]
[BlackElo "1900"]
[Result "1-0"]
[Round "1"]
1.e4 d5
2.exd5 Qd8xd5
3.Nb1c3 Qd5d8
4.Ng1f3 c6
5.d4 e6
6.Bf1d3 h6
7.O-O Ng8f6
8.Bc1d2 Nb8d7
9.Nc3e2 Nd7b6
10.c4 Bf8e7
11.Ra1c1 c5
12.Bd2c3 O-O
13.Bd3b1 Nb6xc4
14.Qd1c2 cxd4
15.Bc3xd4 Nc4b6
16.Bd4xf6 { resign }
1-0

[Event "Fast Game"]
[Site "www.echecsemail.com"]
[Date "2015.09.16"]
[Round "1"]
[White "Hennie4820"]
[Black "Mitja"]
[WhiteElo "1840"]
[BlackElo "1730"]
[Result "0-1"]
[Round "1"]
1.e4 d5
2.exd5 Qd8xd5
3.Nb1c3 Qd5d8
4.d4 e6
5.Ng1f3 h6
6.Bf1e2 c6
7.Bc1f4 Ng8f6
8.O-O Nb8d7
9.Qd1d2 Nd7b6
10.Ra1d1 Bf8e7
11.Rf1e1 O-O
12.h3 Nb6d5
13.Nc3xd5 Nf6xd5
14.Bf4g3 Be7d6
15.c4 Bd6xg3
16.fxg3 Nd5f6
17.Be2d3 b6
18.Bd3c2 Bc8b7
19.Qd2d3 Rf8e8
20.Kh1 Ra8c8
21.Nf3d2 c5
22.dxc5 Rc8xc5
23.b3 Rc5c7
24.Nd2f3 Rc7d7
25.Qd3e2 Rd7xd1
26.Re1xd1 Qd8c7
27.g4 g6
28.Qe2d2 Bb7xf3
29.gxf3 Qc7g3
30.Qd2g2 Qg3c7
31.Qg2f2 Re8d8
32.Rd1xd8 Qc7xd8
 { time }
0-1

[Event "Tourn. n8229"]
[Site "www.chess-mail.com"]
[Date "2015.09.17"]
[Round "1"]
[White "Hundegana"]
[Black "Paes19"]
[WhiteElo "1930"]
[BlackElo "1970"]
[Result "0-1"]
[Round "1"]
1.c4 c5
2.e4 Nb8c6
3.a3 Ng8f6
4.Nb1c3 d6
5.h4 Bc8g4
6.f3 Bg4d7
7.d3 e6
8.Bc1e3 Bf8e7
9.g3 Qd8c7
10.f4 e5
11.f5 a6
12.b3 Nc6d4
13.Be3xd4 cxd4
14.Nc3d5 Nf6xd5
15.cxd5 Qc7c3
16.Kf2 Ra8c8
17.Ng1e2 Qc3c2
18.Qd1xc2 Rc8xc2
19.Ra1c1 Rc2b2
20.b4 Be7d8
21.Kf3 O-O
22.Bf1g2 Bd7b5
23.Rh1d1 Rb2b3
24.Rc1a1 Bb5xd3
25.Ne2c1 Bd3xe4
26.Kf2 Rb3b2
27.Nc1e2 Be4xg2
28.Kxg2 Rb2xe2
29.Kh3 Bd8f6
30.Ra1c1 g6
31.fxg6 fxg6
32.Rc1c7 Rf8f7
33.Rc7c8 Kg7
34.Rd1d3 Re2e3
35.Rd3xe3 dxe3
36.Rc8c2 g5
37.Rc2e2 gxh4
38.gxh4 Rf7c7
39.Re2xe3 Rc7c1
40.Re3g3 Kf7
41.h5 h6
42.Kg4 Rc1c4
43.Kh3 Rc4d4
44.Rg3c3 e4
45.Rc3c7 Bf6e7
46.Rc7xb7 Rd4xd5
47.Rb7a7 Rd5d3
48.Kg2 Rd3xa3
49.b5 d5
50.b6 a5
51.b7 Ra3b3
52.Ra7xa5 Rb3xb7
53.Ra5xd5 Be7g5
54.Kf2 e3
55.Ke2 Rb7b2
56.Kf3 Rb2f2
57.Kg3 Ke6
58.Rd5b5 Rf2f4
59.Rb5b3 Rf4h4
60.Rb3xe3 Bg5xe3
61.Kxh4 Kf5
62.Kg3 Kg5
63.Kf3 Be3c1
64.Kg3 Kxh5
65.Kh3 Bc1a3
66.Kh2 Kh4
67.Kg2 Kg4
68.Kh2 Kf3
69.Kh1 Kf2
70.Kh2 Ba3d6
71.Kh3 Kg1
72.Kh4 Bd6f4
73.Kg4 Bf4d2
74.Kh4 Bd2g5
75.Kg4 Kg2
76.Kh5 Kg3
77.Kg6 Kg4
78.Kf7 h5
79.Ke6 h4
80.Kd5 h3
81.Ke4 h2
{ resign }
0-1

[Event "Tourn. n8380"]
[Site "www.chess-mail.com"]
[Date "2015.09.17"]
[Round "1"]
[White "Vasylpuzanov"]
[Black "Yangqi"]
[WhiteElo "2290"]
[BlackElo "2490"]
[Result "0-1"]
[Round "1"]
1.c4 e5
2.Nb1c3 Ng8f6
3.e4 Nb8c6
4.d3 Bf8c5
5.Bc1g5 h6
6.Bg5h4 Nf6xe4
7.Bh4xd8 Bc5xf2
{ resign }
0-1

[Event "Tourn. n8369"]
[Site "www.chess-mail.com"]
[Date "2015.09.17"]
[Round "1"]
[White "Madz123456"]
[Black "Liencam2"]
[WhiteElo "2220"]
[BlackElo "2280"]
[Result "1-0"]
[Round "1"]
1.e4 c5
2.Ng1f3 e6
3.d4 cxd4
4.Nf3xd4 a6
5.Nb1c3 b5
6.Bf1d3 d6
7.a4 b4
8.Nc3a2 e5
9.Nd4f3 Nb8c6
10.Bc1d2 d5
11.exd5 Qd8xd5
12.Qd1e2 Bc8e6
13.Bd3e4 Qd5d7
14.Nf3xe5 Nc6xe5
15.Be4xa8 Ne5c6
16.Qe2xa6 Be6d5
17.O-O Ng8f6
18.Ra1e1 Bf8e7
19.Na2xb4 Nc6xb4
20.Bd2xb4 Bd5e6
21.Ba8c6 O-O
22.Bc6xd7 { resign }
1-0

[Event "Tourn. n8375"]
[Site "www.chess-mail.com"]
[Date "2015.09.17"]
[Round "1"]
[White "Estonia"]
[Black "Xkafi"]
[WhiteElo "2089"]
[BlackElo "2100"]
[Result "0-1"]
[Round "1"]
1.e4 e5
2.Ng1f3 Qd8f6
3.Nb1c3 c6
4.d4 exd4
5.Qd1xd4 h6
6.Bf1c4 Bf8e7
7.e5 Qf6g6
8.O-O d5
9.Bc4d3 Qg6e6
10.Bc1d2 Nb8d7
11.Rf1e1 Be7c5
12.Qd4h4 Ng8e7
13.a3 Ne7g6
14.b4 Ng6xh4
15.Nf3xh4 O-O
16.bxc5 Nd7xc5
17.f4 Nc5xd3
18.cxd3 Qe6g4
19.g3 g5
20.Nh4g2 Qg4f3
21.Re1e3 Qf3h5
22.d4 Bc8h3
23.Ra1e1 Rf8e8
24.Nc3d1 Bh3xg2
25.Kxg2 gxf4
26.gxf4 Kh7
27.Re3g3 Re8g8
28.Nd1e3 a5
29.Ne3f1 Qh5f5
30.Re1e3 Qf5xf4
31.Rg3xg8 Ra8xg8
32.Re3g3 Qf4xd4
33.Bd2xa5 Qd4xe5
34.Rg3xg8 Kxg8
35.Ba5b4 Qe5b2
{ resign }
0-1

[Event "Tourn. n8391"]
[Site "www.chess-mail.com"]
[Date "2015.09.17"]
[Round "1"]
[White "Mitja"]
[Black "Bira47"]
[WhiteElo "1890"]
[BlackElo "2050"]
[Result "0-1"]
[Round "1"]
1.b3 c5
2.Bc1b2 e6
3.d4 cxd4
4.Qd1xd4 Nb8c6
5.Qd4d3 Ng8f6
6.e3 Bf8e7
7.Ng1f3 h6
8.Bf1e2 a6
9.h3 b5
10.O-O Bc8b7
11.Nb1a3 O-O
12.Ra1d1 d5
13.Nf3d4 Ra8c8
14.Nd4xc6 Bb7xc6
15.Be2f3 Nf6e4
16.Qd3e2 Ne4g5
17.Bb2a1 Ng5xf3
18.Qe2xf3 Be7xa3
19.Qf3g4 f6
20.b4 Qd8e7
21.Rd1d3 Ba3xb4
22.Ba1xf6 Rf8xf6
{ resign }
0-1

[Event "Tourn. n8365"]
[Site "www.chess-mail.com"]
[Date "2015.09.17"]
[Round "1"]
[White "Osopanda"]
[Black "Bojan"]
[WhiteElo "1930"]
[BlackElo "1950"]
[Result "1-0"]
[Round "1"]
1.c4 g6
2.d4 d5
3.Nb1c3 dxc4
4.e4 Bf8g7
5.Ng1f3 c6
6.Bf1xc4 f6
7.Bc1e3 Nb8d7
8.O-O Qd8c7
9.Rf1e1 Nd7b6
10.Bc4b3 Ng8h6
11.h3 Nh6f7
12.Ra1c1 Bc8d7
13.d5 cxd5
14.Nc3xd5 Qc7d8
15.Nd5c7 Kf8
16.Nc7xa8 Qd8xa8
17.Be3xb6 Bd7xh3
18.gxh3 axb6
19.Rc1c7 Nf7e5
20.Nf3xe5 fxe5
21.Qd1d5 Qa8e8
22.Rc7c8 { resign }
1-0

[Event "Tourn. n8343"]
[Site "www.chess-mail.com"]
[Date "2015.09.17"]
[Round "1"]
[White "Numanoid"]
[Black "Asoka"]
[WhiteElo "2500"]
[BlackElo "2660"]
[Result "1/2-1/2"]
[Round "1"]
1.e4 e5
2.Ng1f3 Nb8c6
3.d4 exd4
4.Bf1c4 Ng8f6
5.e5 d5
6.Bc4b5 Nf6e4
7.Nf3xd4 Bc8d7
8.Bb5xc6 bxc6
9.O-O Bf8e7
10.f3 Ne4c5
11.f4 O-O
12.f5 Rf8e8
13.Nb1c3 Nc5e4
14.Nc3xe4 dxe4
15.Nd4b3 Be7f8
16.Qd1d4 Bd7c8
17.Qd4xe4 Qd8d5
18.Qe4xd5 cxd5
19.f6 Re8xe5
20.fxg7 Bf8xg7
{ draw }
1/2-1/2

[Event "Tourn. n8390"]
[Site "www.chess-mail.com"]
[Date "2015.09.17"]
[Round "1"]
[White "Norlavuaram"]
[Black "Xkafi"]
[WhiteElo "2100"]
[BlackElo "2010"]
[Result "1-0"]
[Round "1"]
1.e4 e5
2.Ng1f3 Qd8f6
3.Nb1c3 c6
4.Bf1c4 Bf8c5
5.O-O d6
6.d3 a5
7.Bc1g5 Qf6g6
8.Qd1d2 h6
9.Bg5h4 Bc8h3
10.Bh4g3 Bh3d7
11.Ra1e1 Ng8f6
12.d4 exd4
13.Nf3xd4 O-O
14.a3 Nf6h5
15.Nd4b3 Bc5b6
16.Qd2xd6 Rf8d8
17.Qd6xg6 { resign }
1-0

[Event "Tourn. n8369"]
[Site "www.chess-mail.com"]
[Date "2015.09.17"]
[Round "1"]
[White "Xkafi"]
[Black "Luban"]
[WhiteElo "2090"]
[BlackElo "2070"]
[Result "0-1"]
[Round "1"]
1.c4 e6
2.Nb1c3 Ng8f6
3.h3 d5
4.e3 c5
5.Ng1f3 Bf8e7
6.g4 h6
7.Qd1b3 O-O
8.cxd5 exd5
9.g5 hxg5
10.Nf3xg5 Nb8c6
11.Qb3c2 g6
12.Bf1d3 Kg7
13.h4 Nc6b4
14.Qc2b1 Nb4xd3
15.Qb1xd3 Bc8f5
16.Qd3f1 c4
17.Qf1g2 a6
18.Ng5f3 Nf6e4
19.Nf3d4 Kh6
20.Nd4xf5 gxf5
21.Nc3xe4 dxe4
22.Qg2h3 Qd8d7
23.Qh3f1 b5
24.a3 Be7f6
25.f3 Qd7d5
26.f4 Rf8g8
27.a4 Qd5d3
28.h5 Rg8g4
29.axb5 Bf6h4
30.Rh1xh4 Qd3xf1
31.Kxf1 Rg4xh4
32.Ra1xa6 Ra8xa6
33.bxa6 Rh4h1
{ resign }
0-1

[Event "Tourn. n8317"]
[Site "www.chess-mail.com"]
[Date "2015.09.17"]
[Round "1"]
[White "Passaroa25"]
[Black "Louis"]
[WhiteElo "1550"]
[BlackElo "1680"]
[Result "1-0"]
[Round "1"]
1.e4 c5
2.Ng1e2 Nb8c6
3.c3 Ng8f6
4.f3 d5
5.Ne2g3 e6
6.d3 Bf8d6
7.Bc1e3 O-O
8.Nb1d2 b6
9.Bf1e2 d4
10.Be3f2 dxc3
11.bxc3 Bd6f4
12.Nd2b3 Bc8b7
13.Ng3f1 Qd8c7
14.Bf2e3 Rf8d8
15.Qd1d2 Bf4xe3
16.Nf1xe3 Nc6e5
17.O-O c4
18.Nb3d4 cxd3
19.Be2xd3 Ne5xd3
20.Qd2xd3 e5
21.Nd4b5 Qc7c5
22.Qd3e2 a6
23.Ra1d1 Rd8xd1
24.Rf1xd1 Qc5xb5
25.Qe2xb5 axb5
26.Rd1d6 Kf8
27.c4 Ra8xa2
28.Rd6d8 Nf6e8
29.cxb5 Ke7
30.Rd8d1 Ra2b2
31.Ne3d5 Bb7xd5
32.exd5 Kd6
33.h3 Ne8c7
34.Kh2 Nc7xb5
35.Kg3 Nb5d4
36.f4 exf4
37.Kh2 Kxd5
38.Rd1f1 f3
39.Kg1 Rb2xg2
40.Kh1 Rg2e2
41.h4 Ke4
42.h5 { resign }
1-0

[Event "Tourn. n8320"]
[Site "www.chess-mail.com"]
[Date "2015.09.17"]
[Round "1"]
[White "Squimichele"]
[Black "Tartan"]
[WhiteElo "2460"]
[BlackElo "2460"]
[Result "1-0"]
[Round "1"]
1.d4 Ng8f6
2.Ng1f3 d5
3.Bc1g5 e6
4.Nb1d2 Bf8e7
5.e3 Nb8d7
6.Bf1d3 c5
7.c3 b6
8.O-O Bc8b7
9.Nf3e5 Nd7xe5
10.dxe5 Nf6d7
11.Bg5xe7 Qd8xe7
12.f4 O-O-O
13.Nd2f3 f6
14.Bd3b5 a6
15.Bb5xd7 Qe7xd7
16.b4 Kb8
17.bxc5 bxc5
18.Qd1b3 Qd7c6
19.Ra1b1 Rd8d7
20.Qb3a3 Rh8e8
21.Rf1c1 Re8c8
22.Nf3d4 { resign }
1-0